The red lily /

"Seeking a better life in Paris, Jean (Ramon Novarro) and Marise (Enid Bennett) plan to meet at a specific time and place. When circumstances intervene, the two lovers miss their rendezvous, never reunite and are destined to lead separate lives that become more and more degrading. Marise turns...

Full description

Bibliographic Details
Corporate Authors: Metro-Goldwyn-Mayer, Warner Home Video (Firm)
Other Authors: Mayer, Louis B. (Louis Burt), 1885-1957, Meredyth, Beth, Niblo, Fred, 1874-1948, Novarro, Ramon, 1899-1968, Bennett, Enid, 1893-1969, Beery, Wallace, Currier, Frank, 1857-1928, Gowland, Gibson, 1877-1951
Format: Video DVD
Language:English
Language Notes:Silent film with English intertitles and musical accompaniment.
Published: ©2009
Series:Archive collection.
Subjects:

MARC

Tag First Indicator Second Indicator Subfields
LEADER 00000cgm a2200000Ia 4500
001 in00002781486
005 20150922132415.0
007 vd zvaizs
008 100406p20091924cau081 vleng d
024 1 |a 883316125380 
035 |a (OCoLC)ocn601971376 
035 |a (OCoLC)601971376 
040 |a STF  |b eng  |c STF  |d STF  |d TEF  |d BTCTA  |d OCLCA  |d OCLCQ  |d UtOrBLW 
049 |a TXAM 
050 1 4 |a PN1997  |b .R43 2009 
082 0 4 |a 791.4372  |2 22 
090 |a PN1997  |b .R442 2009 
245 0 4 |a The red lily /  |c Louis B. Mayer presents the Fred Niblo production ; produced by Metro-Goldwyn Mayer Corporation ; an original story written and directed by Fred Niblo ; Beth Meredyth, scenarist. 
264 2 |a Burbank, CA :  |b Distributed by Warner Home Video,  |c [2009] 
264 4 |c ©2009 
300 |a 1 videodisc (81 min.) :  |b sound, black and white (tinted) ;  |c 4 3/4 in. 
336 |a two-dimensional moving image  |b tdi  |2 rdacontent 
337 |a video  |b v  |2 rdamedia 
338 |a videodisc  |b vd  |2 rdacarrier 
490 1 |a Archive collection 
538 |a DVD-R; NTSC; full-screen 4x3 1.33:1; Dolby digital stereo. 
546 |a Silent film with English intertitles and musical accompaniment. 
511 1 |a Ramon Novarro, Enid Benentt, Frank Currier, Wallace Beery, Gibson Gowland, Mitchell Lewis, Dick Sutherland, Emily Fitzroy, George Periolet, Rosemary Theby, Milla Davenport. 
508 |a Original music score by Scott Salinas. 
500 |a Originally produced as a motion picture in 1924. 
500 |a "This disc is expected to play back in DVD video 'play only' devices, and may not play back in other DVD devices, including recorders and PC drives"--Container. 
521 8 |a Rating: Not rated. 
520 |a "Seeking a better life in Paris, Jean (Ramon Novarro) and Marise (Enid Bennett) plan to meet at a specific time and place. When circumstances intervene, the two lovers miss their rendezvous, never reunite and are destined to lead separate lives that become more and more degrading. Marise turns to prositution and Jean succumbs to the delightful debauchery of a thief named Bo-Bo (Wallace Beery ...). Heatthrob Novarro and delicate Bennett make a magical combination in this deeply moving tale of fate, tragedy and redemption. 
500 |a Videorecording. 
650 0 |a Prostitutes  |v Drama. 
650 0 |a Thieves  |v Drama. 
650 0 |a Rural-urban migration  |v Drama. 
655 7 |a Silent films.  |2 lcgft 
655 7 |a Melodramas (Motion pictures)  |2 lcgft 
655 7 |a Fiction films.  |2 lcgft 
655 7 |a Feature films.  |2 lcgft 
700 1 |a Mayer, Louis B.  |q (Louis Burt),  |d 1885-1957. 
700 1 |a Meredyth, Beth. 
700 1 |a Niblo, Fred,  |d 1874-1948. 
700 1 |a Novarro, Ramon,  |d 1899-1968. 
700 1 |a Bennett, Enid,  |d 1893-1969. 
700 1 |a Beery, Wallace. 
700 1 |a Currier, Frank,  |d 1857-1928. 
700 1 |a Gowland, Gibson,  |d 1877-1951. 
710 2 |a Metro-Goldwyn-Mayer. 
710 2 |a Warner Home Video (Firm) 
830 0 |a Archive collection. 
994 |a C0  |b TXA 
948 |a cataloged  |b h  |c 2012/10/29  |d c  |e blrosas  |f 1:46:26 pm 
999 |a MARS 
999 f f |s adf18684-4bbd-36c2-a9ac-d065e56a4915  |i c557f66c-558e-3ab0-a8d1-abf6e3e5452b  |t 0 
952 f f |p dvd  |a Texas A&M University  |b College Station  |c Sterling C. Evans Library  |d Evans: Media and Reserves (Annex 1st floor)  |t 0  |e PN1997 .R442 2009  |h Library of Congress classification  |i video -- videodisc  |m A14841594617 
998 f f |a PN1997 .R442 2009  |t 0  |l Evans: Media and Reserves (Annex 1st floor)